[Event "DEM U12 2025"]
[Site "Willingen GER"]
[Date "2025.06.12"]
[Round "7"]
[White "Pradeep, Harshill"]
[Black "Zielke, Mika"]
[Result "1-0"]
[Termination "normal"]
[Board "7"]
[WhiteElo "1936"]
[BlackElo "1733"]
[WhiteClock "00:46:02"]
[BlackClock "00:38:26"]
[PlyCount "103"]
[WhiteFideId "34629513"]
[BlackFideId "34661816"]
[EventCountry "GER"]
[EventRounds "9"]
[EventType "swiss"]
[EventDate "2025.06.07"]

1. e4 {[%clk 01:30:59]} e5 {[%clk 01:30:49]} {[%emt 00:00:12]} 2. Nf3 {[%clk
01:31:24]} {[%emt 00:00:05]} Nc6 {[%clk 01:31:12]} {[%emt 00:00:07]} 3. Bc4
{[%clk 01:31:51]} {[%emt 00:00:03]} Nf6 {[%clk 01:31:15]} {[%emt 00:00:27]} 4.
d3 {[%clk 01:32:16]} {[%emt 00:00:05]} Bc5 {[%clk 01:31:21]} {[%emt 00:00:24]}
5. a4 {[%clk 01:32:29]} {[%emt 00:00:17]} a6 {[%clk 01:29:20]} {[%emt
00:02:30]} 6. O-O {[%clk 01:32:51]} {[%emt 00:00:08]} d6 {[%clk 01:29:14]}
{[%emt 00:00:37]} 7. a5 {[%clk 01:33:11]} {[%emt 00:00:11]} Ba7 {[%clk
01:24:49]} {[%emt 00:04:53]} 8. Be3 {[%clk 01:33:15]} {[%emt 00:00:26]} Be6
{[%clk 01:22:09]} {[%emt 00:03:10]} 9. Bxe6 {[%clk 01:25:43]} {[%emt 00:08:02]}
fxe6 {[%clk 01:22:23]} {[%emt 00:00:16]} 10. c3 {[%clk 01:25:16]} {[%emt
00:00:57]} Qc8 {[%clk 01:17:32]} {[%emt 00:05:21]} 11. Nbd2 {[%clk 01:20:57]}
{[%emt 00:04:49]} O-O {[%clk 01:17:11]} {[%emt 00:00:52]} 12. Re1 {[%clk
01:18:50]} {[%emt 00:02:37]} Bxe3 {[%clk 01:13:10]} {[%emt 00:04:30]} 13. Rxe3
{[%clk 01:18:21]} {[%emt 00:00:58]} d5 {[%clk 01:12:06]} {[%emt 00:01:35]} 14.
exd5 {[%clk 01:13:56]} {[%emt 00:04:55]} Nxd5 {[%clk 01:12:23]} {[%emt
00:00:13]} 15. Re1 {[%clk 01:12:23]} {[%emt 00:02:03]} Nf4 {[%clk 01:11:54]}
{[%emt 00:00:59]} 16. Nc4 {[%clk 01:09:23]} {[%emt 00:03:30]} Qd8 {[%clk
01:11:00]} {[%emt 00:01:21]} 17. Ncxe5 {[%clk 01:05:00]} {[%emt 00:04:56]} Nxe5
{[%clk 01:10:50]} {[%emt 00:00:41]} 18. Rxe5 {[%clk 01:03:45]} {[%emt
00:01:44]} Nxd3 {[%clk 01:07:23]} {[%emt 00:03:57]} 19. Rxe6 {[%clk 01:02:22]}
{[%emt 00:01:52]} Kh8 {[%clk 01:04:27]} {[%emt 00:03:26]} 20. Qd2 {[%clk
00:56:51]} {[%emt 00:06:02]} Nc5 {[%clk 00:50:38]} {[%emt 00:14:20]} 21. Qxd8
{[%clk 00:55:23]} {[%emt 00:01:58]} Raxd8 {[%clk 00:50:34]} {[%emt 00:00:34]}
22. Re7 {[%clk 00:55:29]} {[%emt 00:00:23]} Rfe8 {[%clk 00:49:21]} {[%emt
00:01:44]} 23. Rxc7 {[%clk 00:49:37]} {[%emt 00:06:21]} Nb3 {[%clk 00:49:25]}
{[%emt 00:00:26]} 24. Rb1 {[%clk 00:46:11]} {[%emt 00:03:57]} Nxa5 {[%clk
00:45:46]} {[%emt 00:04:08]} 25. b4 {[%clk 00:45:32]} {[%emt 00:01:10]} Nc6
{[%clk 00:45:40]} {[%emt 00:00:36]} 26. Rxb7 {[%clk 00:44:49]} {[%emt
00:01:13]} Re2 {[%clk 00:42:22]} {[%emt 00:03:48]} 27. Rb6 {[%clk 00:43:34]}
{[%emt 00:01:45]} Ne7 {[%clk 00:39:44]} {[%emt 00:03:08]} 28. Rxa6 {[%clk
00:42:18]} {[%emt 00:01:47]} Rc2 {[%clk 00:39:19]} {[%emt 00:00:54]} 29. Re1
{[%clk 00:41:12]} {[%emt 00:01:36]} Nd5 {[%clk 00:35:38]} {[%emt 00:04:10]} 30.
Rd6 {[%clk 00:40:09]} {[%emt 00:01:33]} Ra8 {[%clk 00:34:43]} {[%emt 00:01:26]}
31. Rxd5 {[%clk 00:40:31]} {[%emt 00:00:08]} Rxc3 {[%clk 00:35:04]} {[%emt
00:00:09]} 32. b5 {[%clk 00:40:26]} {[%emt 00:00:36]} Rac8 {[%clk 00:34:54]}
{[%emt 00:00:40]} 33. Nd4 {[%clk 00:39:16]} {[%emt 00:01:39]} h6 {[%clk
00:33:43]} {[%emt 00:01:41]} 34. b6 {[%clk 00:39:31]} {[%emt 00:00:16]} Rc1
{[%clk 00:33:42]} {[%emt 00:00:31]} 35. Rde5 {[%clk 00:39:47]} {[%emt
00:00:13]} Kh7 {[%clk 00:33:34]} {[%emt 00:00:39]} 36. b7 {[%clk 00:40:09]}
{[%emt 00:00:07]} Rxe1+ {[%clk 00:33:43]} {[%emt 00:00:21]} 37. Rxe1 {[%clk
00:40:32]} {[%emt 00:00:07]} Rb8 {[%clk 00:34:06]} {[%emt 00:00:07]} 38. Rb1
{[%clk 00:40:58]} {[%emt 00:00:04]} Kg6 {[%clk 00:34:16]} {[%emt 00:00:21]} 39.
Nc6 {[%clk 00:41:21]} {[%emt 00:00:07]} Re8 {[%clk 00:34:38]} {[%emt 00:00:08]}
40. b8=Q {[%clk 00:41:41]} {[%emt 00:00:10]} Rxb8 {[%clk 00:35:04]} {[%emt
00:00:05]} 41. Rxb8 {[%clk 00:42:04]} {[%emt 00:00:07]} h5 {[%clk 00:35:23]}
{[%emt 00:00:10]} 42. h4 {[%clk 00:42:31]} {[%emt 00:00:04]} Kh6 {[%clk
00:35:43]} {[%emt 00:00:10]} 43. Rh8+ {[%clk 00:42:54]} {[%emt 00:00:07]} Kg6
{[%clk 00:36:07]} {[%emt 00:00:06]} 44. Nd4 {[%clk 00:43:19]} {[%emt 00:00:06]}
Kf6 {[%clk 00:36:25]} {[%emt 00:00:12]} 45. Rxh5 {[%clk 00:43:44]} {[%emt
00:00:05]} g6 {[%clk 00:36:47]} {[%emt 00:00:07]} 46. Ra5 {[%clk 00:44:10]}
{[%emt 00:00:04]} Kg7 {[%clk 00:37:08]} {[%emt 00:00:10]} 47. g4 {[%clk
00:44:36]} {[%emt 00:00:03]} Kh6 {[%clk 00:37:21]} {[%emt 00:00:17]} 48. f4
{[%clk 00:44:57]} {[%emt 00:00:09]} Kg7 {[%clk 00:37:44]} {[%emt 00:00:07]} 49.
Nf3 {[%clk 00:45:09]} {[%emt 00:00:18]} Kh6 {[%clk 00:38:03]} {[%emt 00:00:12]}
50. Ra7 {[%clk 00:45:36]} {[%emt 00:00:03]} g5 {[%clk 00:38:26]} {[%emt
00:00:06]} 51. fxg5+ {[%clk 00:46:02]} {[%emt 00:00:04]} Kg6 {[%emt 00:00:07]}
52. Ne5# {[%clk 00:46:02]} {[%emt 00:00:04]} 1-0

[Event "DEM U12 2025"]
[Site "Willingen GER"]
[Date "2025.06.12"]
[Round "7"]
[White "Naumann, Lennart"]
[Black "Haas, Leandro"]
[Result "1-0"]
[Termination "normal"]
[Board "8"]
[WhiteElo "1820"]
[BlackElo "1730"]
[WhiteClock "00:49:49"]
[BlackClock "01:24:28"]
[PlyCount "72"]
[WhiteFideId "34644830"]
[BlackFideId "34632549"]
[EventCountry "GER"]
[EventRounds "9"]
[EventType "swiss"]
[EventDate "2025.06.07"]

1. e4 {[%clk 01:30:59]} e5 {[%clk 01:30:56]} {[%emt 00:00:35]} 2. Nf3 {[%clk
01:31:23]} {[%emt 00:00:05]} Nc6 {[%clk 01:31:19]} {[%emt 00:00:08]} 3. Nc3
{[%clk 01:31:46]} {[%emt 00:00:07]} Nf6 {[%clk 01:31:44]} {[%emt 00:00:05]} 4.
a3 {[%clk 01:32:08]} {[%emt 00:00:07]} d5 {[%clk 01:32:04]} {[%emt 00:00:11]}
5. Bb5 {[%clk 01:32:17]} {[%emt 00:00:21]} d4 {[%clk 01:32:22]} {[%emt
00:00:11]} 6. Ne2 {[%clk 01:32:39]} {[%emt 00:00:08]} Bd6 {[%clk 01:32:45]}
{[%emt 00:00:08]} 7. Bxc6+ {[%clk 01:32:18]} {[%emt 00:00:51]} bxc6 {[%clk
01:33:09]} {[%emt 00:00:06]} 8. Ng3 {[%clk 01:32:16]} {[%emt 00:00:31]} O-O
{[%clk 01:33:18]} {[%emt 00:00:22]} 9. d3 {[%clk 01:32:39]} {[%emt 00:00:07]}
h6 {[%clk 01:32:28]} {[%emt 00:01:21]} 10. O-O {[%clk 01:32:41]} {[%emt
00:00:27]} c5 {[%clk 01:31:36]} {[%emt 00:01:23]} 11. Re1 {[%clk 01:32:16]}
{[%emt 00:00:54]} Bg4 {[%clk 01:31:03]} {[%emt 00:01:02]} 12. h3 {[%clk
01:32:14]} {[%emt 00:00:33]} Be6 {[%clk 01:31:12]} {[%emt 00:00:21]} 13. Nh4
{[%clk 01:30:53]} {[%emt 00:01:51]} Qd7 {[%clk 01:30:56]} {[%emt 00:00:46]} 14.
Qf3 {[%clk 01:28:34]} {[%emt 00:02:47]} Nh7 {[%clk 01:29:14]} {[%emt 00:02:12]}
15. Ngf5 {[%clk 01:23:36]} {[%emt 00:05:28]} Be7 {[%clk 01:28:37]} {[%emt
00:01:09]} 16. Qg3 {[%clk 01:20:13]} {[%emt 00:03:50]} Ng5 {[%clk 01:23:38]}
{[%emt 00:05:33]} 17. Qxe5 {[%clk 01:18:10]} {[%emt 00:02:33]} f6 {[%clk
01:24:04]} {[%emt 00:00:04]} 18. Qg3 {[%clk 01:18:09]} {[%emt 00:00:30]} Bd6
{[%clk 01:24:23]} {[%emt 00:00:12]} 19. f4 {[%clk 01:17:07]} {[%emt 00:01:31]}
Bxf5 {[%clk 01:23:19]} {[%emt 00:01:34]} 20. Nxf5 {[%clk 01:16:57]} {[%emt
00:00:40]} Nh7 {[%clk 01:21:49]} {[%emt 00:01:58]} 21. Nxh6+ {[%clk 01:15:55]}
{[%emt 00:01:33]} Kh8 {[%clk 01:22:15]} {[%emt 00:00:06]} 22. Qg4 {[%clk
01:12:14]} {[%emt 00:04:08]} Qe7 {[%clk 01:20:53]} {[%emt 00:01:54]} 23. Nf5
{[%clk 01:11:51]} {[%emt 00:00:53]} Qf7 {[%clk 01:21:19]} {[%emt 00:00:05]} 24.
Bd2 {[%clk 01:10:25]} {[%emt 00:01:54]} g6 {[%clk 01:21:43]} {[%emt 00:00:08]}
25. Nh4 {[%clk 01:07:19]} {[%emt 00:03:33]} Rg8 {[%clk 01:21:54]} {[%emt
00:00:22]} 26. Re2 {[%clk 01:05:53]} {[%emt 00:01:56]} Raf8 {[%clk 01:22:16]}
{[%emt 00:00:07]} 27. Rf1 {[%clk 01:04:56]} {[%emt 00:01:26]} f5 {[%clk
01:22:40]} {[%emt 00:00:07]} 28. exf5 {[%clk 01:00:27]} {[%emt 00:04:59]} gxf5
{[%clk 01:23:04]} {[%emt 00:00:07]} 29. Qf3 {[%clk 01:00:14]} {[%emt 00:00:41]}
Be7 {[%clk 01:22:50]} {[%emt 00:00:46]} 30. Nxf5 {[%clk 01:00:09]} {[%emt
00:00:35]} Qxf5 {[%clk 01:23:02]} {[%emt 00:00:18]} 31. Rxe7 {[%clk 01:00:32]}
{[%emt 00:00:07]} Rg6 {[%clk 01:23:15]} {[%emt 00:00:17]} 32. Re5 {[%clk
00:59:21]} {[%emt 00:01:38]} Qf6 {[%clk 01:23:41]} {[%emt 00:00:06]} 33. Rxc5
{[%clk 00:59:03]} {[%emt 00:00:49]} Rfg8 {[%clk 01:24:02]} {[%emt 00:00:09]}
34. Rf2 {[%clk 00:58:22]} {[%emt 00:01:09]} Qb6 {[%clk 01:24:17]} {[%emt
00:00:16]} 35. Qh5 {[%clk 00:50:04]} {[%emt 00:08:46]} c6 {[%clk 01:24:29]}
{[%emt 00:00:21]} 36. Qe5+ {[%clk 00:49:49]} {[%emt 00:00:44]} Nf6 {[%clk
01:24:28]} {[%emt 00:00:32]} 1-0

[Event "DEM U12 2025"]
[Site "Willingen GER"]
[Date "2025.06.12"]
[Round "7"]
[White "Hoppe, Arthur"]
[Black "Menke, Raphael Wilhelm"]
[Result "1-0"]
[Termination "normal"]
[Board "9"]
[WhiteElo "1922"]
[BlackElo "1803"]
[WhiteClock "01:31:30"]
[BlackClock "00:08:26"]
[PlyCount "203"]
[WhiteFideId "34618910"]
[BlackFideId "34621008"]
[EventCountry "GER"]
[EventRounds "9"]
[EventType "swiss"]
[EventDate "2025.06.07"]

1. c4 {[%clk 01:30:57]} {[%emt 00:00:02]} e5 {[%clk 01:30:56]} {[%emt
00:00:03]} 2. g3 {[%clk 01:31:20]} {[%emt 00:00:07]} Nc6 {[%clk 01:31:21]}
{[%emt 00:00:06]} 3. Bg2 {[%clk 01:31:45]} {[%emt 00:00:04]} f5 {[%clk
01:31:46]} {[%emt 00:00:06]} 4. b3 {[%clk 01:31:12]} {[%emt 00:01:04]} d6
{[%clk 01:31:16]} {[%emt 00:01:00]} 5. Nc3 {[%clk 01:30:42]} {[%emt 00:00:59]}
Nf6 {[%clk 01:31:11]} {[%emt 00:00:35]} 6. e3 {[%clk 01:30:03]} {[%emt
00:01:09]} g6 {[%clk 01:29:14]} {[%emt 00:02:27]} 7. Nge2 {[%clk 01:28:58]}
{[%emt 00:01:35]} Bg7 {[%clk 01:28:29]} {[%emt 00:01:15]} 8. O-O {[%clk
01:28:34]} {[%emt 00:00:54]} O-O {[%clk 01:27:42]} {[%emt 00:01:16]} 9. d4
{[%clk 01:27:44]} {[%emt 00:01:21]} e4 {[%clk 01:22:26]} {[%emt 00:05:47]} 10.
Rb1 {[%clk 01:26:44]} {[%emt 00:01:30]} Ne7 {[%clk 01:16:57]} {[%emt 00:05:58]}
11. Ba3 {[%clk 01:26:32]} {[%emt 00:00:42]} Re8 {[%clk 01:14:28]} {[%emt
00:02:59]} 12. f3 {[%clk 01:25:12]} {[%emt 00:01:50]} exf3 {[%clk 01:08:18]}
{[%emt 00:06:40]} 13. Bxf3 {[%clk 01:25:38]} {[%emt 00:00:05]} g5 {[%clk
00:56:57]} {[%emt 00:11:50]} 14. Qd3 {[%clk 01:23:26]} {[%emt 00:02:43]} Ng6
{[%clk 00:49:03]} {[%emt 00:08:24]} 15. Bc1 {[%clk 01:21:00]} {[%emt 00:02:56]}
Qe7 {[%clk 00:40:50]} {[%emt 00:08:42]} 16. Nd5 {[%clk 01:19:08]} {[%emt
00:02:21]} Nxd5 {[%clk 00:39:54]} {[%emt 00:01:27]} 17. Bxd5+ {[%clk 01:19:31]}
{[%emt 00:00:08]} Kh8 {[%clk 00:39:00]} {[%emt 00:01:24]} 18. Nc3 {[%clk
01:19:37]} {[%emt 00:00:24]} c6 {[%clk 00:38:16]} {[%emt 00:01:14]} 19. Bg2
{[%clk 01:19:57]} {[%emt 00:00:08]} Rf8 {[%clk 00:34:11]} {[%emt 00:04:37]} 20.
Rb2 {[%clk 01:18:57]} {[%emt 00:01:30]} Be6 {[%clk 00:28:07]} {[%emt 00:06:33]}
21. Rbf2 {[%clk 01:18:51]} {[%emt 00:00:36]} c5 {[%clk 00:27:30]} {[%emt
00:01:07]} 22. dxc5 {[%clk 01:18:47]} {[%emt 00:00:34]} dxc5 {[%clk 00:27:46]}
{[%emt 00:00:15]} 23. Nd5 {[%clk 01:19:13]} {[%emt 00:00:04]} Bxd5 {[%clk
00:27:46]} {[%emt 00:00:30]} 24. Bxd5 {[%clk 01:19:35]} {[%emt 00:00:07]} f4
{[%clk 00:25:08]} {[%emt 00:03:08]} 25. exf4 {[%clk 01:15:56]} {[%emt
00:04:09]} gxf4 {[%clk 00:21:12]} {[%emt 00:04:26]} 26. Kg2 {[%clk 01:14:31]}
{[%emt 00:01:56]} Bd4 {[%clk 00:15:30]} {[%emt 00:06:11]} 27. Re2 {[%clk
01:09:52]} {[%emt 00:05:10]} Qg7 {[%clk 00:11:41]} {[%emt 00:04:18]} 28. Re4
{[%clk 01:08:58]} {[%emt 00:01:25]} Ne5 {[%clk 00:10:44]} {[%emt 00:01:27]} 29.
Qd1 {[%clk 01:07:18]} {[%emt 00:02:09]} fxg3 {[%clk 00:08:37]} {[%emt
00:02:37]} 30. hxg3 {[%clk 01:07:39]} {[%emt 00:00:09]} Rxf1 {[%clk 00:08:55]}
{[%emt 00:00:12]} 31. Qxf1 {[%clk 01:08:07]} {[%emt 00:00:02]} Rf8 {[%clk
00:06:54]} {[%emt 00:02:31]} 32. Rf4 {[%clk 01:08:32]} {[%emt 00:00:04]} Rxf4
{[%clk 00:06:23]} {[%emt 00:01:01]} 33. Qxf4 {[%clk 01:08:59]} {[%emt
00:00:04]} b6 {[%clk 00:05:20]} {[%emt 00:01:33]} 34. Qf5 {[%clk 01:09:17]}
{[%emt 00:00:12]} Ng6 {[%clk 00:02:21]} {[%emt 00:03:28]} 35. Qc8+ {[%clk
01:06:50]} {[%emt 00:02:58]} Qf8 {[%clk 00:01:43]} {[%emt 00:01:07]} 36. Qxf8+
{[%clk 01:07:04]} {[%emt 00:00:17]} Nxf8 {[%clk 00:02:06]} {[%emt 00:00:07]}
37. Bf4 {[%clk 01:07:28]} {[%emt 00:00:05]} Nd7 {[%clk 00:02:01]} {[%emt
00:00:35]} 38. Kf3 {[%clk 01:07:51]} {[%emt 00:00:07]} Kg7 {[%clk 00:02:05]}
{[%emt 00:00:26]} 39. Be6 {[%clk 01:07:58]} {[%emt 00:00:23]} Ne5+ {[%clk
00:01:17]} {[%emt 00:01:18]} 40. Ke4 {[%clk 01:08:23]} {[%emt 00:00:06]} Kf6
{[%clk 00:00:50]} {[%emt 00:00:56]} 41. Bd5 {[%clk 01:05:06]} {[%emt 00:03:47]}
a5 {[%clk 00:30:30]} {[%emt 00:00:51]} 42. g4 {[%clk 01:34:37]} {[%emt
00:00:59]} h6 {[%clk 00:18:46]} {[%emt 00:12:12]} 43. Bg3 {[%clk 01:34:53]}
{[%emt 00:00:15]} Nxg4 {[%clk 00:16:06]} {[%emt 00:03:10]} 44. Bc7 {[%clk
01:35:16]} {[%emt 00:00:07]} Nf2+ {[%clk 00:15:02]} {[%emt 00:01:34]} 45. Kf3
{[%clk 01:34:49]} {[%emt 00:00:57]} Nd3 {[%clk 00:14:46]} {[%emt 00:00:45]} 46.
Bd8+ {[%clk 01:34:28]} {[%emt 00:00:53]} Kg7 {[%clk 00:12:43]} {[%emt
00:02:31]} 47. Be4 {[%clk 01:34:18]} {[%emt 00:00:42]} Ne5+ {[%clk 00:07:08]}
{[%emt 00:06:04]} 48. Ke2 {[%clk 01:34:28]} {[%emt 00:00:21]} a4 {[%clk
00:06:35]} {[%emt 00:01:03]} 49. Bxb6 {[%clk 01:34:49]} {[%emt 00:00:08]} axb3
{[%clk 00:06:59]} {[%emt 00:00:07]} 50. axb3 {[%clk 01:35:14]} {[%emt
00:00:05]} h5 {[%clk 00:05:03]} {[%emt 00:02:25]} 51. Bd5 {[%clk 01:34:32]}
{[%emt 00:01:13]} Kf8 {[%clk 00:03:02]} {[%emt 00:02:27]} 52. b4 {[%clk
01:34:48]} {[%emt 00:00:17]} Nd7 {[%clk 00:02:56]} {[%emt 00:00:36]} 53. Ba7
{[%clk 01:35:06]} {[%emt 00:00:13]} Ke7 {[%clk 00:01:04]} {[%emt 00:02:22]} 54.
b5 {[%clk 01:34:57]} {[%emt 00:00:39]} Be5 {[%clk 00:01:18]} {[%emt 00:00:15]}
55. b6 {[%clk 01:34:19]} {[%emt 00:01:09]} Bb8 {[%clk 00:01:06]} {[%emt
00:00:42]} 56. Bc6 {[%clk 01:34:40]} {[%emt 00:00:09]} Nxb6 {[%clk 00:00:33]}
{[%emt 00:01:02]} 57. Bxb6 {[%clk 01:34:53]} {[%emt 00:00:17]} Bd6 {[%clk
00:00:38]} {[%emt 00:00:25]} 58. Kd3 {[%clk 01:34:49]} {[%emt 00:00:34]} Kf6
{[%clk 00:00:55]} {[%emt 00:00:13]} 59. Bf3 {[%clk 01:34:50]} {[%emt 00:00:29]}
Ke6 {[%clk 00:00:50]} {[%emt 00:00:36]} 60. Bxh5 {[%clk 01:35:14]} {[%emt
00:00:06]} Kd7 {[%clk 00:01:07]} {[%emt 00:00:12]} 61. Bf3 {[%clk 01:35:26]}
{[%emt 00:01:19]} Ke6 {[%clk 00:01:24]} {[%emt 00:00:13]} 62. Ke4 {[%clk
01:35:51]} {[%emt 00:00:05]} Bf8 {[%clk 00:01:32]} {[%emt 00:00:22]} 63. Ba5
{[%clk 01:35:50]} {[%emt 00:00:31]} Kd6 {[%clk 00:01:36]} {[%emt 00:00:26]} 64.
Kf5 {[%clk 01:35:59]} {[%emt 00:00:20]} Bg7 {[%clk 00:01:51]} {[%emt 00:00:16]}
65. Bd5 {[%clk 01:36:00]} {[%emt 00:00:29]} Bd4 {[%clk 00:02:06]} {[%emt
00:00:14]} 66. Bd2 {[%clk 01:36:21]} {[%emt 00:00:10]} Kd7 {[%clk 00:01:56]}
{[%emt 00:00:39]} 67. Bf4 {[%clk 01:36:39]} {[%emt 00:00:12]} Bg7 {[%clk
00:01:50]} {[%emt 00:00:36]} 68. Ba8 {[%clk 01:37:02]} {[%emt 00:00:08]} Ke7
{[%clk 00:01:21]} {[%emt 00:00:58]} 69. Ke4 {[%clk 01:36:10]} {[%emt 00:01:25]}
Kd7 {[%clk 00:01:23]} {[%emt 00:00:26]} 70. Kd5 {[%clk 01:36:33]} {[%emt
00:00:08]} Bf8 {[%clk 00:01:32]} {[%emt 00:00:19]} 71. Be3 {[%clk 01:36:49]}
{[%emt 00:00:16]} Kc7 {[%clk 00:01:46]} {[%emt 00:00:15]} 72. Bxc5 {[%clk
01:37:12]} {[%emt 00:00:08]} Bh6 {[%clk 00:02:03]} {[%emt 00:00:13]} 73. Bd6+
{[%clk 01:37:38]} {[%emt 00:00:05]} Kd8 {[%clk 00:01:44]} {[%emt 00:00:47]} 74.
c5 {[%clk 01:36:02]} {[%emt 00:02:08]} Bd2 {[%clk 00:01:38]} {[%emt 00:00:36]}
75. c6 {[%clk 01:36:15]} {[%emt 00:00:18]} Ba5 {[%clk 00:01:49]} {[%emt
00:00:18]} 76. Kc5 {[%clk 01:36:39]} {[%emt 00:00:05]} Kc8 {[%clk 00:01:40]}
{[%emt 00:00:40]} 77. Bb7+ {[%clk 01:37:02]} {[%emt 00:00:07]} Kd8 {[%clk
00:02:04]} {[%emt 00:00:05]} 78. Bf4 {[%clk 01:37:23]} {[%emt 00:00:08]} Ke8
{[%clk 00:02:07]} {[%emt 00:00:27]} 79. Kd6 {[%clk 01:36:13]} {[%emt 00:01:42]}
Kd8 {[%clk 00:02:07]} {[%emt 00:00:30]} 80. Bg5+ {[%clk 01:36:25]} {[%emt
00:00:19]} Ke8 {[%clk 00:02:30]} {[%emt 00:00:06]} 81. c7 {[%clk 01:35:58]}
{[%emt 00:00:58]} Bxc7+ {[%clk 00:02:54]} {[%emt 00:00:05]} 82. Kxc7 {[%clk
01:36:24]} {[%emt 00:00:03]} Kf7 {[%clk 00:03:19]} {[%emt 00:00:05]} 83. Be4
{[%clk 01:36:50]} {[%emt 00:00:05]} Ke6 {[%clk 00:03:44]} {[%emt 00:00:05]} 84.
Bf4 {[%clk 01:37:16]} {[%emt 00:00:04]} Kf6 {[%clk 00:04:09]} {[%emt 00:00:04]}
85. Kd6 {[%clk 01:37:42]} {[%emt 00:00:05]} Kf7 {[%clk 00:04:31]} {[%emt
00:00:05]} 86. Bg5 {[%clk 01:38:10]} {[%emt 00:00:05]} Kg7 {[%clk 00:04:55]}
{[%emt 00:00:05]} 87. Ke7 {[%clk 01:38:35]} {[%emt 00:00:05]} Kg8 {[%clk
00:04:47]} {[%emt 00:00:37]} 88. Kf6 {[%clk 01:38:47]} {[%emt 00:00:19]} Kf8
{[%clk 00:05:11]} {[%emt 00:00:06]} 89. Bg6 {[%clk 01:39:09]} {[%emt 00:00:09]}
Kg8 {[%clk 00:05:38]} {[%emt 00:00:04]} 90. Bh6 {[%clk 01:37:06]} {[%emt
00:02:32]} Kh8 {[%clk 00:05:59]} {[%emt 00:00:09]} 91. Bf8 {[%clk 01:37:13]}
{[%emt 00:00:22]} Kg8 {[%clk 00:06:20]} {[%emt 00:00:08]} 92. Bb4 {[%clk
01:37:38]} {[%emt 00:00:05]} Kh8 {[%clk 00:06:45]} {[%emt 00:00:05]} 93. Bc3
{[%clk 01:33:59]} {[%emt 00:04:10]} Kg8 {[%clk 00:07:06]} {[%emt 00:00:08]} 94.
Bf7+ {[%clk 01:34:04]} {[%emt 00:00:26]} Kh7 {[%clk 00:07:24]} {[%emt
00:00:12]} 95. Bd4 {[%clk 01:34:25]} {[%emt 00:00:09]} Kh6 {[%clk 00:07:41]}
{[%emt 00:00:10]} 96. Be8 {[%clk 01:32:03]} {[%emt 00:02:55]} Kh7 {[%clk
00:08:01]} {[%emt 00:00:10]} 97. Be3 {[%clk 01:29:31]} {[%emt 00:03:02]} Kg8
{[%clk 00:07:30]} {[%emt 00:01:01]} 98. Bh5 {[%clk 01:29:40]} {[%emt 00:00:21]}
Kh7 {[%clk 00:07:27]} {[%emt 00:00:32]} 99. Kf7 {[%clk 01:30:06]} {[%emt
00:00:04]} Kh8 {[%clk 00:07:47]} {[%emt 00:00:11]} 100. Bd4+ {[%clk 01:30:34]}
{[%emt 00:00:02]} Kh7 {[%clk 00:08:09]} {[%emt 00:00:07]} 101. Bg6 {[%clk
01:31:03]} {[%emt 00:00:02]} Kh6 {[%clk 00:08:26]} {[%emt 00:00:13]} 102. Be3+
{[%clk 01:31:30]} {[%emt 00:00:03]} 1-0